[Event "Sofia MGU 203rd"]
[Site "Sofia"]
[Date "2018.01.21"]
[Round "4"]
[White "Sabov, Borislav"]
[Black "Tsintsarski, B."]
[Result "0-1"]
[WhiteElo "1588"]
[BlackElo "1703"]
[PlyCount "72"]
[EventDate "2018.01.20"]
[EventType "tourn"]
[EventRounds "6"]
[EventCountry "BUL"]
[SourceTitle "CBM 182 Extra"]
[Source "ChessBase"]
[SourceDate "2018.02.23"]
[SourceVersion "1"]
[SourceVersionDate "2018.02.23"]
[SourceQuality "1"]

1. d4 g6 2. c4 Bg7 3. e3 Nf6 4. Bd3 d5 5. cxd5 Nxd5 6. a3 Nc6 7. Nf3 Bg4 8. Nc3 Nxc3 9. bxc3 0-0 10. Bd2 Ne5 11. Be4 Nxf3+ 12. Bxf3 Bxf3 13. Qxf3 e5 14. Qxb7 exd4 15. cxd4 c5 16. 0-0 cxd4 17. exd4 Qxd4 18. Rad1 Rad8 19. Qb4 Qd3 20. g3 Qc2 21. Rfe1 Rd7 22. h3 Rfd8 23. h4 Rxd2 24. Rxd2 Qxd2 25. Qe4 Qd3 26. Qa4 Bf8 27. Qxa7 Qxa3 28. Qb7 Qa4 29. Qf3 Re8 30. Rf1 Qe4 31. Qd1 Bc5 32. Qd7 Qe5 33. Qh3 h5 34. Qh2 Qc3 35. Qh1 Qxg3+ 36. Qg2 Bxf2+ 0-1

[Event "Sofia MGU 203rd"]
[Site "Sofia"]
[Date "2018.01.21"]
[Round "5"]
[White "Tsintsarski, B."]
[Black "Metev, Martin"]
[Result "1/2-1/2"]
[WhiteElo "1703"]
[BlackElo "1892"]
[PlyCount "32"]
[EventDate "2018.01.20"]
[EventType "tourn"]
[EventRounds "6"]
[EventCountry "BUL"]
[SourceTitle "CBM 182 Extra"]
[Source "ChessBase"]
[SourceDate "2018.02.23"]
[SourceVersion "1"]
[SourceVersionDate "2018.02.23"]
[SourceQuality "1"]

1. e4 c5 2. Nf3 Nf6 3. Nc3 e6 4. d4 cxd4 5. Nxd4 d6 6. Bb5+ Bd7 7. Bxd7+ Qxd7 8. 0-0 Be7 9. Be3 a6 10. f3 0-0 11. a4 Nc6 12. Nxc6 Qxc6 13. Qd4 d5 14. exd5 Nxd5 15. Nxd5 Qxd5 16. Qxd5 exd5 1/2-1/2

[Event "Sofia MGU 203rd"]
[Site "Sofia"]
[Date "2018.01.20"]
[Round "2"]
[White "Metev, Martin"]
[Black "Tsintsarski, B."]
[Result "1/2-1/2"]
[WhiteElo "1892"]
[BlackElo "1703"]
[PlyCount "37"]
[EventDate "2018.01.20"]
[EventType "tourn"]
[EventRounds "6"]
[EventCountry "BUL"]
[SourceTitle "CBM 182 Extra"]
[Source "ChessBase"]
[SourceDate "2018.02.23"]
[SourceVersion "1"]
[SourceVersionDate "2018.02.23"]
[SourceQuality "1"]

1. e4 c6 2. d4 d5 3. Nc3 dxe4 4. Nxe4 Nd7 5. Nf3 Ngf6 6. Ng3 e6 7. Bd3 Be7 8. c3 0-0 9. 0-0 c5 10. Re1 cxd4 11. Nxd4 Re8 12. Bg5 h6 13. Bd2 Nc5 14. Bc2 a6 15. b4 Ncd7 16. Nb3 Nf8 17. Nd4 N8d7 18. Nb3 Nf8 19. Nd4 1/2-1/2

[Event "Sofia MGU op 192nd"]
[Site "Sofia"]
[Date "2017.10.08"]
[Round "6"]
[White "Tsintsarski, B."]
[Black "Metev, Martin"]
[Result "1-0"]
[WhiteElo "1687"]
[BlackElo "1907"]
[PlyCount "83"]
[EventDate "2017.10.07"]
[EventType "swiss"]
[EventRounds "6"]
[EventCountry "BUL"]
[SourceTitle "CBM 181 Extra"]
[Source "ChessBase"]
[SourceDate "2017.12.12"]
[SourceVersion "1"]
[SourceVersionDate "2017.12.12"]
[SourceQuality "1"]

1. d4 e6 2. c4 d5 3. cxd5 exd5 4. Nc3 Nf6 5. Bg5 c6 6. e3 h6 7. Bh4 Be7 8. Bd3 0-0 9. Nf3 Nbd7 10. Qc2 b6 11. 0-0-0 c5 12. Kb1 c4 13. Be2 b5 14. Ne5 b4 15. Nc6 Qe8 16. Nxe7+ Qxe7 17. Nxd5 Qd6 18. Nxf6+ Nxf6 19. Bxf6 Qxf6 20. Bxc4 Bb7 21. f3 a5 22. e4 a4 23. e5 Qb6 24. Qd3 Rfc8 25. Rc1 Rc7 26. d5 Rac8 27. d6 Rd7 28. Bd5 Rcd8 29. Bxb7 Rxb7 30. Qc4 Rbd7 31. Qc5 Qb8 32. Rc4 Rb7 33. Rhc1 a3 34. Qc8 axb2 35. Kxb2 Kf8 36. Qxb8 Rbxb8 37. Rc7 g5 38. g3 Rb5 39. f4 f6 40. Rc8 Rb8 41. d7 Ke7 42. Rxb8 1-0

[Event "Sofia MGU op 192nd"]
[Site "Sofia"]
[Date "2017.10.07"]
[Round "3"]
[White "Tsintsarski, B."]
[Black "Mihalev, Daniil"]
[Result "1-0"]
[WhiteElo "1687"]
[BlackElo "1727"]
[PlyCount "81"]
[EventDate "2017.10.07"]
[EventType "swiss"]
[EventRounds "6"]
[EventCountry "BUL"]
[SourceTitle "CBM 181 Extra"]
[Source "ChessBase"]
[SourceDate "2017.12.12"]
[SourceVersion "1"]
[SourceVersionDate "2017.12.12"]
[SourceQuality "1"]

1. e4 c5 2. Nc3 g6 3. d4 Bg7 4. d5 d6 5. Nf3 e5 6. Bg5 Ne7 7. Bb5+ Nd7 8. 0-0 a6 9. Be2 h6 10. Be3 b5 11. a4 b4 12. Nb1 Nf6 13. Nfd2 0-0 14. f4 Nd7 15. f5 gxf5 16. exf5 Nxd5 17. Bf2 N7f6 18. Bf3 Bxf5 19. c4 bxc3 20. Nxc3 Nxc3 21. bxc3 Rb8 22. Bh4 Qd7 23. Bxf6 Bxf6 24. Ne4 Bxe4 25. Bxe4 Bg7 26. Qd3 Rb6 27. a5 Rb5 28. Qf3 c4 29. Bc6 Qa7+ 30. Kh1 Rc5 31. Rab1 Qc7 32. Bd5 Qxa5 33. Bxf7+ Kh8 34. Qh3 e4 35. Rf6 h5 36. Qe6 Rxf7 37. Qxf7 Rb5 38. Rbf1 Qxc3 39. Qe8+ Kh7 40. Qg6+ Kh8 41. Rf8+ 1-0

[Event "Sofia MGU op 186th"]
[Site "Sofia"]
[Date "2017.05.28"]
[Round "5"]
[White "Babatov, Martin"]
[Black "Tsintsarski, B."]
[Result "1-0"]
[WhiteElo "1741"]
[BlackElo "1661"]
[PlyCount "81"]
[EventDate "2017.05.27"]
[EventType "swiss"]
[EventRounds "6"]
[EventCountry "BUL"]
[SourceTitle "CBM 178 Extra"]
[Source "ChessBase"]
[SourceDate "2017.06.22"]
[SourceVersion "1"]
[SourceVersionDate "2017.06.22"]
[SourceQuality "1"]

1. d4 Nf6 2. Bf4 d5 3. e3 c5 4. Bb5+ Nc6 5. c3 e6 6. Nf3 Bd7 7. 0-0 a6 8. Bxc6 Bxc6 9. h3 Bd6 10. Bxd6 Qxd6 11. Nbd2 0-0-0 12. dxc5 Qxc5 13. Ne5 Rhf8 14. Nxc6 Qxc6 15. Qe2 Ne4 16. Nxe4 dxe4 17. b4 Rd3 18. Qg4 g6 19. Qh4 h5 20. Qe7 Qd6 21. Qxd6 Rxd6 22. Rfd1 Rfd8 23. Rd4 f5 24. Rad1 Kc7 25. Kf1 e5 26. Rxd6 Rxd6 27. Rxd6 Kxd6 28. c4 h4 29. g3 g5 30. gxh4 gxh4 31. Ke2 Kc6 32. f3 exf3+ 33. Kxf3 Kd6 34. e4 fxe4+ 35. Kxe4 b6 36. a3 Ke6 37. c5 bxc5 38. bxc5 a5 39. a4 Kf6 40. Kd5 Kf5 41. c6 1-0